[Event "SVK-chT4 A21 2122"]
[Site "Slovakia"]
[Date "2022.04.10"]
[Round "4.2"]
[White "Skreko, Jan"]
[Black "Krakovsky, Peter1111"]
[Result "0-1"]
[WhiteElo "1519"]
[BlackElo "1604"]
[PlyCount "124"]
[EventDate "2021.10.17"]
[EventType "team-tourn"]
[EventRounds "11"]
[EventCountry "SVK"]
[SourceTitle "EXT 2024"]
[Source "ChessBase"]
[SourceDate "2023.10.10"]
[SourceVersion "1"]
[SourceVersionDate "2023.10.10"]
[SourceQuality "1"]
[WhiteTeam "Smolenice"]
[BlackTeam "Skalica II"]
[WhiteTeamCountry "SVK"]
[BlackTeamCountry "SVK"]

1. d4 d5 2. c4 c6 3. e3 Nf6 4. Nf3 e6 5. Bd3 dxc4 6. Bxc4 Be7 7. 0-0 Nbd7 8. Nc3 0-0 9. b3 b5 10. Bd3 Bb7 11. Bb2 a6 12. Rc1 c5 13. Be2 Rc8 14. dxc5 Nxc5 15. Nd4 Qb6 16. b4 Nce4 17. a3 Rfd8 18. Qe1 Nxc3 19. Rxc3 Nd5 20. Rxc8 Rxc8 21. Nb3 Bf6 22. Bxf6 Nxf6 23. Nc5 Bd5 24. Bd3 Rd8 25. Qe2 Nd7 26. Nxd7 Rxd7 27. Rc1 Rc7 28. Rxc7 Qxc7 29. Qc2 Qxc2 30. Bxc2 Kf8 31. Kf1 h6 32. e4 Bc6 33. Ke2 f6 34. Kd3 Ke7 35. Kd4 Kd6 36. f4 e5+ 37. Ke3 g6 38. g3 Bd7 39. Bb3 Be6 40. Bc2 Bc4 41. Bd1 Ba2 42. Bg4 Be6 43. Bd1 f5 44. Bc2 Bc8 45. Bd1 Bd7 46. Bf3 Bc6 47. exf5 Bxf3 48. fxg6 Bd5 49. f5 Ke7 50. g4 Kf6 51. h4 Bb3 52. Ke2 h5 53. gxh5 Kxf5 54. Ke3 Bd5 55. Ke2 Kf6 56. Ke3 Kg7 57. Ke2 Kh6 58. Ke3 Kxh5 59. g7 Kg6 60. g8Q+ Bxg8 61. Ke4 Kf6 62. h5 Bh7+ 0-1